Normale Ansicht MARC-Ansicht ISBD

"Blut und Eisen auch im Innern" : (Titelsatznr. 55837)

[ MARC ]
MARC-Details
000 -Satzkennung
Kontrollfeld mit fester Länge 00766nam a22002411c 4500
001 - Kontrollnummer
Kontrollfeld 810400
003 - Kontrollnummer Identifier
Kontrollfeld RU-10907106
005 - Datum und Zeit der letzten Transaktion
Kontrollfeld 20210721170701.0
008 - Feld mit fester Länge zur physischen Beschreibung - Allgemeine Angaben
Kontrollfeld mit fester Länge 210208s2021 gw |||| 000u ger d
020 ## - Internationale Standardbuchnummer
Internationale Standardbuchnummer 9783593513287
Verknüpfung 978-3-593-51328-7
040 ## - Katalogisierungsquelle
Übertragungsstelle RU-10907106
Original-Katalogisierungsstelle RU-10907106
Katalogisierungssprache ger
041 ## - Sprachcode
Sprachcode des Textes/der Tonspur oder des separaten Titels ger
100 1# - Haupteintragung - Personenname
Personenname Caruso, Amerigo
Funktionsbezeichnungscode aut
Funktionsbezeichnung Verfasser
245 00 - Titel
Titel "Blut und Eisen auch im Innern" :
Zusatz zum Titel soziale Konflikte, Massenpolitik und Gewalt in Deutschland vor 1914
Verfasserangabe etc. Caruso, Amerigo; Mit einem Nachwort von Matteo Millan
264 ## - Produktion, Veröffentlichung, Distribution, Herstellung und Urheberrechtsvermerk
Herstellungs-, Veröffentlichungs- Vertriebs-, Erzeugungsort Frankfurt am Main
Produzent, Herausgeber, Distributor, Hersteller Campus
Datum der Herstellung, der Veröffentlichung, des Vertriebs oder des Urheberschutzvermerks 2021
300 ## - Physische Beschreibung
Umfang 361 Seiten
648 ## - Nebeneintragung unter einem Schlagwort - Zeitschlagwort
Zeitschlagwort 1871-1914
650 ## - Nebeneintragung unter einem Schlagwort - Sachschlagwort
Sachschlagwort oder geografischer Name als Eintragungselement Sozialer Konflikt
650 ## - Nebeneintragung unter einem Schlagwort - Sachschlagwort
Sachschlagwort oder geografischer Name als Eintragungselement Protestbewegung
650 ## - Nebeneintragung unter einem Schlagwort - Sachschlagwort
Sachschlagwort oder geografischer Name als Eintragungselement Unterdrückung
651 ## - Nebeneintragung unter einem Schlagwort - Geografischer Name
Geografischer Name Deutschland
942 ## - Zusätzliche Felder (Koha)
Koha-Medientyp Monographien
Klassifikation oder Aufstellungssystematik Andere/Generische Klassifikation
Exemplare
Ausgeschieden Verloren Klassifikation oder Aufstellungssystematik Beschädigt Nicht entleihbar Heimatbibliothek Aufenthaltsbibliothek Aufstellungsort Erwerbungsdatum Inventarnummer Signatur Barcode Letzte Aktivität Preis gültig von Koha-Medientyp
    Andere/Generische Klassifikation     MWN Osteuropa MWN Osteuropa Lesesaal - 1 08/02/2021 21-01552 D 44 ec Car E00401082D370E73 17/03/2021 22/03/2021 Monographien